ნორმალური ფორმატი
MARC ფორმატი
ჩანაწერი Personal Name
ჩანაწერთა რაოდენობა, რომელიც გამოყენებულია: 3
001 - CONTROL NUMBER
- control field: 7960
003 - CONTROL NUMBER IDENTIFIER
- control field: GE_BSU
005 - DATE AND TIME OF LATEST TRANSACTION
- control field: 20200422202225.0
008 - FIXED-LENGTH DATA ELEMENTS
- fixed length control field: 200422|| aca||aabn | a|a d
040 ## - CATALOGING SOURCE
- Original cataloging agency: GE_BSU
- Transcribing agency: GE_BSU
100 ## - HEADING--PERSONAL NAME
- Personal name: გოგიშვილი, ხატია
670 ## - SOURCE DATA FOUND
- Source citation: Work cat.: (GE_BSU)49287: პირის ღრუს ლორწოვანი გარსის დაავადებები :
